000 00407nam a2200169Ia 4500
001 16892
003 IN-NITTTR
005 20251114233200.0
008 251113s9999||||xx |||||||||||||| ||eng||
040 _beng
040 _cIN-NITTTR
041 _aeng
082 _a808.77 M314W
100 _aManiamkerry, Mathew
245 0 _aWith a sense of humour to live by. /
_cManiamkerry, Mathew
942 _2ddc
_cBK
999 _c19526
_d19526